| 000 | 00474nam a2200169Ia 4500 | ||
|---|---|---|---|
| 008 | 240729s9999 xx 000 0 und d | ||
| 022 | _a2353-3986 | ||
| 245 | 0 | _aAntropomotoryka | |
| 260 | _aPoland | ||
| 260 | _bUniversity of Physical Education in Krakow | ||
| 650 | _a Recreation. Leisure | ||
| 650 | _a Sports | ||
| 650 | _aGeography. Anthropology. Recreation | ||
| 856 | _uhttps://doaj.org/toc/b84359c735254baf844b46271dbc30a9 | ||
| 942 | _2ddc | ||
| 942 | _cDOAJEJ | ||
| 999 |
_c68441 _d68441 |
||
| 945 |
_a1 _bMadushi Gamage _c1 _dMadushi Gamage |
||